Zmení umelá inteligencia logistiku?
Umelá inteligencia, ktorá radikálne mení fungovanie ľudstva. Príležitosť na obohatenie. Spracovanie veľkého množsva dát. Optimalizácia logistických operácií.
Uložené v:
| Hlavný autor: | |
|---|---|
| Médium: | Kapitola |
| Jazyk: | Slovak |
| Predmet: | |
| Tagy: |
Žiadne tagy, Buďte prvý, kto otaguje tento záznam!
|
MARC
| LEADER | 00000naa a2200000 4500 | ||
|---|---|---|---|
| 001 | 0257928 | ||
| 005 | 20190902102212.7 | ||
| 041 | 0 | |a slo | |
| 044 | |a CZ | ||
| 245 | 1 | 0 | |a Zmení umelá inteligencia logistiku? |c Jozef Oravec |
| 520 | |a Umelá inteligencia, ktorá radikálne mení fungovanie ľudstva. Príležitosť na obohatenie. Spracovanie veľkého množsva dát. Optimalizácia logistických operácií. | ||
| 610 | 2 | 0 | |a inteligencia umelá |
| 610 | 2 | 0 | |a dáta |
| 610 | 2 | 0 | |a roboty |
| 610 | 2 | 0 | |a optimalizácia |
| 610 | 2 | 0 | |a automatizácia |
| 610 | 2 | 0 | |a logistika |
| 100 | 1 | |a Oravec, Jozef | |